header

U.S. overseas military presence (Record no. 213625)

MARC details
000 -LEADER
fixed length control field 01513nam a2200373Ia 4500
245 00 - TITLE STATEMENT
Title U.S. overseas military presence
260 ## - PUBLICATION, DISTRIBUTION, ETC. (IMPRINT)
Place of publication Santa Monica, CA :
Name of publisher RAND,
Year of publication c2012.
300 ## - PHYSICAL DESCRIPTION
Number of Pages xvii, 50 p. :
Other physical details col. ill., col. maps.
650 #0 - SUBJECT ADDED ENTRY--TOPICAL TERM
Topical Term Military bases, American
Topical Term National security
Topical Term Strategy.
700 1# - ADDED ENTRY--PERSONAL NAME
Personal name Davis, Lynn E.
856 40 - ELECTRONIC LOCATION AND ACCESS
Uniform Resource Identifier http://site.ebrary.com/lib/rucke/Doc?id=10599089

No items available.

© 2026 Rongo University
Contact us: librarian | system librarian | Rongo university